Score 0/17 Timer 02:00
0 Plays Today
Hint 4-Letter Word % Correct
Often dark red root vegetableBEET
97.5%
Chair or sofa, e.g.SEAT
96.1%
Playful oceanic mammalSEAL
96%
Defeat in a fightBEAT
95.7%
Give out cardsDEAL
94.7%
The other white meatPORK
82.7%
Peat, coal or wood, e.g.FUEL
81.1%
Drag or haulPULL
80.6%
Alexander Hamilton's undoingDUEL
78.5%
Hint 4-Letter Word % Correct
SatiatedFULL
78.4%
Two-foldDUAL
78.2%
Skin openingPORE
77.8%
RippedTORE
77.4%
11th US presidentPOLK
75%
Query from RoperPOLL
67%
A container's weight on a scaleTARE
55%
A root vegetable used to make poiTARO
37.6%

Today's Daily Dose

Missing Word
I Hardly Know Her!

Word Ladder
Sentence Ending

Quick Pick
Female Firsts

Get the Picture
Triathlon Sports

Remove Ads.
Support Sporcle.
Get the best of Sporcle when you Go Orange. This ad-free experience offers more features, more stats, and more fun while also helping to support Sporcle. Thank you for becoming a member.

You're not logged in!

Compare scores with friends on all Sporcle quizzes.
OR
Log In

Show Comments

Extras

Top Quizzes Today


Score Distribution

Your Account Isn't Verified!

In order to create a playlist on Sporcle, you need to verify the email address you used during registration. Go to your Sporcle Settings to finish the process.

Report this User

Report this user for behavior that violates our Community Guidelines.

Details: